000
00306nam a2200097Ia 4500
008
220204s9999 xx 000 0 und d
082
_a
338.5:664.1(047)
_b
TAR
245
0
_a
report on the cost structure of and fair price payable to the sugar industry
260
_a
Bombay
_b
Tariff Commission
_c
1973
942
_c
BK
999
_c
23426
_d
23426